Quicken quick reference

This book is highlights the most frequently used information and reference material that is required to work quicly and efficiently with quicken.

保存先:
書誌詳細
第一著者: Perry, Paul J.
フォーマット: 図書
言語:Undetermined
出版事項: Carmel Que 1991
主題:
タグ: タグ追加
タグなし, このレコードへの初めてのタグを付けませんか!
Thư viện lưu trữ: Trung tâm Học liệu Trường Đại học Cần Thơ
LEADER 00715nam a2200205Ia 4500
001 CTU_218551
008 210402s9999 xx 000 0 und d
082 |a 332.024 
082 |b P462 
100 |a Perry, Paul J. 
245 0 |a Quicken quick reference 
245 0 |c Paul J. Perry 
260 |a Carmel 
260 |b Que 
260 |c 1991 
520 |a This book is highlights the most frequently used information and reference material that is required to work quicly and efficiently with quicken. 
650 |a Small business,Kinh doanh nhỏ 
650 |x Finance,Computer programs,Tài chính,Chương trình máy tính 
904 |i Qhieu 
980 |a Trung tâm Học liệu Trường Đại học Cần Thơ